Brantôme, sa vie et ses écrits / (Record no. 156910)

MARC details
000 -LEADER
campo de control de longitud fija 00784nam a22001935i 4500
001 - NÚMERO DE CONTROL
campo de control 156910
003 - IDENTIFICADOR DE NÚMERO DE CONTROL
campo de control ES-MaACL
005 - FECHA Y HORA DE LA ÚLTIMA TRANSACCIÓN
campo de control 20251003163845.0
008 - DATOS DE LONGITUD FIJA--INFORMACIÓN GENERAL
campo de control de longitud fija 040804s1896 fr |||| | fre d
040 ## - FUENTE DE CATALOGACIÓN
Centro catalogador/agencia de origen CAM
Lengua de catalogación spa
Centro/agencia transcriptor CAM
100 1# - ENTRADA PRINCIPAL--NOMBRE DE PERSONA
Nombre de persona Lalanne, Ludovic.
9 (RLIN) 69726
245 10 - MENCIÓN DEL TÍTULO
Título Brantôme, sa vie et ses écrits /
Mención de responsabilidad, etc. publié pour la Société de l'Histoire de France par Ludovic Lalanne.
260 ## - PUBLICACIÓN, DISTRIBUCIÓN, ETC.
Lugar de publicación, distribución, etc. A Paris :
Nombre del editor, distribuidor, etc. Librairie Renouard, H. Laurens, successeur,
Fecha de publicación, distribución, etc. 1896 (
Lugar de fabricación/manufactura Nogent-le-Rotrou :
Fabricante Imprimerie Daupeley-Gouverneur)
300 ## - DESCRIPCIÓN FÍSICA
Extensión II, 384 p. ;
Dimensiones 24 cm.
600 17 - PUNTO DE ACCESO ADICIONAL DE MATERIA--NOMBRE DE PERSONA
Nombre de persona Brantôme, Pierre de Bourdeille,
Títulos y otros términos asociados al nombre seigneur de-
Subdivisión general Biobibliografías
Fuente del encabezamiento o término
9 (RLIN) 126148
710 21 - ENTRADA AGREGADA--NOMBRE DE ENTIDAD CORPORATIVA
Nombre de entidad corporativa o nombre de jurisdicción como elemento de entrada Société de l'Histoire de France,
Término indicativo de función/relación
9 (RLIN) 134958
852 ## - LOCALIZACIÓN
Ubicación ES-MaACL
Número de control de estantería F-783
Nota libre -- Rúst.
Holdings
Estatus retirado Estado de pérdida Estado de daño No para préstamo Colección Biblioteca de origen Biblioteca actual Ubicación en estantería Fecha de adquisición Fuente de adquisición Total de préstamos Signatura topográfica completa Código de barras Visto por última vez Precio de reemplazo Tipo de ítem Koha
        Libros del s. XIX Biblioteca del Ateneo de Madrid Biblioteca del Ateneo de Madrid Depósito 2 17/01/2008     F-783 1164172 23/02/2023 23/02/2023 Libro impreso antiguo